| 000 | 00550nam a22001937a 4500 | ||
|---|---|---|---|
| 003 | 0 | ||
| 005 | 20231002125149.0 | ||
| 008 | 231002b xxu||||| |||| 00| 0 eng d | ||
| 020 | _a978-1-119-63506-2 | ||
| 050 |
_aGE 42 _b.En58 2022 |
||
| 245 | _aEnvironmental ethics | ||
| 250 | _aThird edition | ||
| 260 |
_aHoboken, NJ _bJohn Wiley & Sons _cc2022. |
||
| 300 |
_ax,496 pages ; _c24 cm. |
||
| 500 | _aEnvironmental ethics. | ||
| 504 | _aIncludes bibliographical references and index. | ||
| 650 | _aEnvironmental ethics. | ||
| 942 |
_2lcc _cBK |
||
| 999 |
_c365464 _d365464 |
||